00977nam a22002297a 4500999001700000003000900017008004100026040007100067082002500138100002300163245002600186260005200212300002800264440006100292505017900353650002600532650002200558700003200580942001600612945002000628952009900648 c16533d16533AR-CdUCM190503b ||||| |||| 00| 0 spa d aMUNICIPALIDAD PROVINCIAL DEL CUSCOcBIBLIOTECA MUNICIPAL DEL CUSCO 22ed.a301.155 /bH17 aHalbwachs, Maurice aLas clases sociales / aMéxico :bFondo de Cultura Económica,c1954 a214 páginas ;c17 cm. aBreviarios del fondo de cultura económica ;n32927431 aContenido: La civilización tradicional y las clases campesinas -- Los medios urbanos y la civilización industrial -- Los medios urbanos y la civilización industrial ... aClases sociales92411 aSociología9276 aAub, Max (traductor)936027 2ddccLIBROS aacvd2019-05-03 002ddc4070aSHbSHcCARTd2019-05-03g25.00o301.155 / H17pSH0000011458r2019-05-03yLIBROS